Corporate social responsibility and urban development lessons from the south (Record no. 6254)

000 -LEADER
fixed length control field 00324nam a2200109Ia 4500
008 - FIXED-LENGTH DATA ELEMENTS--GENERAL INFORMATION
fixed length control field 200302s9999 xx 000 0 und d
100 ## - MAIN ENTRY--PERSONAL NAME
Personal name Edmundo werna and Others
245 ## - TITLE STATEMENT
Title Corporate social responsibility and urban development lessons from the south
260 ## - PUBLICATION, DISTRIBUTION, ETC.
Name of publisher, distributor, etc. Macmillan Publishers Ltd.,
260 ## - PUBLICATION, DISTRIBUTION, ETC.
Date of publication, distribution, etc. 2009
300 ## - PHYSICAL DESCRIPTION
Extent 245
Holdings
Withdrawn status Lost status Damaged status Not for loan Permanent Location Current Location Date acquired Cost, normal purchase price Full call number Barcode Date last seen Price effective from Koha item type
        BMS College of Architecture, Design and Planning BMS College of Architecture, Design and Planning 2020-03-03 7709.23 307.1416 AR-UG156 2020-03-03 2020-03-03 UG Books
Copyright © 2025, The Librarian, Library and Information Centre, BMSCA D&P, Bengaluru. All Rights Reserved
web counter

Powered by Koha